[Event "Olimpiada de Khanty-Mansiysk 2010"]
[Site "Khanty-Mansiysk RUS"]
[Date "2010.10.01"]
[Round "10"]
[White "Gerzhoy, Leonid"]
[Black "Kuderinov, Kirill"]
[Result "1-0"]
[WhiteElo "2485"]
[BlackElo "2481"]
[PlyCount "67"]
[EventDate "2010.09.21"]
[EventType "team"]
[EventRounds "11"]
[EventCountry "RUS"]
[Source "lmi"]
[SourceDate "2010.09.21"]
[WhiteTeam "Canadá"]
[BlackTeam "Kazajstán"]
[WhiteTeamCountry "CAN"]
[BlackTeamCountry "KAZ"]

1. d4 Nf6 2. c4 g6 3. Nc3 Bg7 4. e4 d6 5. Nf3 O-O 6. Be2 e5 7. O-O Nc6 8. d5
Ne7 9. b4 Nh5 10. Re1 h6 11. Nd2 Nf4 12. Bf1 g5 13. c5 g4 14. Nc4 f5 15. Nb5
Rf6 16. Bxf4 exf4 17. Nxc7 Qxc7 18. e5 dxe5 19. d6 Qd8 20. Nxe5 Ng6 21. Nxg6
Rxg6 22. Bc4+ Kh7 23. Bf7 Bd7 24. Bxg6+ Kxg6 25. Rb1 Bf6 26. b5 Rc8 27. Qd5 Be8
28. Rxe8 Qxe8 29. d7 Qd8 30. dxc8=Q Qxd5 31. c6 Bd4 32. cxb7 Bxf2+ 33. Kh1 Qd3
34. Rc1 1-0

[Event "Olimpiada de Khanty-Mansiysk 2010"]
[Site "Khanty-Mansiysk RUS"]
[Date "2010.10.01"]
[Round "10"]
[White "Berg, Emanuel"]
[Black "Amonatov, Farrukh"]
[Result "1-0"]
[WhiteElo "2616"]
[BlackElo "2602"]
[PlyCount "109"]
[EventDate "2010.09.21"]
[EventType "team"]
[EventRounds "11"]
[EventCountry "RUS"]
[Source "lmi"]
[SourceDate "2010.09.21"]
[WhiteTeam "Suecia"]
[BlackTeam "Tayikistán"]
[WhiteTeamCountry "SWE"]
[BlackTeamCountry "TJK"]

1. e4 c5 2. Nf3 d6 3. d4 cxd4 4. Nxd4 Nf6 5. Nc3 g6 6. Be3 Bg7 7. f3 Nc6 8. Qd2
O-O 9. Bc4 Bd7 10. Bb3 Rc8 11. O-O-O Ne5 12. Kb1 Re8 13. h4 h5 14. Bh6 Qa5 15.
Bxg7 Kxg7 16. g4 Rxc3 17. bxc3 Rc8 18. gxh5 Nxh5 19. Rhg1 Qxc3 20. Qg5 Nf6 21.
h5 Nc4 22. Bxc4 Rxc4 23. Rd3 Qb4+ 24. Rb3 Qc5 25. Qxc5 dxc5 26. Nf5+ Bxf5 27.
exf5 b6 28. hxg6 Rd4 29. Rd3 Rxd3 30. cxd3 Ne8 31. Re1 Kf6 32. Kb2 Ng7 33. gxf7
Kxf7 34. Re5 Ne8 35. Kc3 Nd6 36. a4 Kf6 37. Re6+ Kf7 38. Re5 Kf6 39. Rd5 Kg5
40. Kd2 Kf6 41. Kc3 Kg5 42. d4 cxd4+ 43. Kxd4 Kf6 44. Re5 Nxf5+ 45. Kd5 Nd6 46.
Re1 Nb7 47. Re6+ Kf7 48. Rc6 Nc5 49. Rxc5 bxc5 50. Kxc5 Ke6 51. Kc6 Ke5 52. Kb7
a5 53. Kb6 Kf4 54. Kxa5 e5 55. Kb4 1-0

[Event "Olimpiada de Khanty-Mansiysk 2010"]
[Site "Khanty-Mansiysk RUS"]
[Date "2010.10.01"]
[Round "10"]
[White "Isaev, Jamshed"]
[Black "Agrest, Evgenij"]
[Result "0-1"]
[WhiteElo "2382"]
[BlackElo "2585"]
[PlyCount "82"]
[EventDate "2010.09.21"]
[EventType "team"]
[EventRounds "11"]
[EventCountry "RUS"]
[Source "lmi"]
[SourceDate "2010.09.21"]
[WhiteTeam "Tayikistán"]
[BlackTeam "Suecia"]
[WhiteTeamCountry "TJK"]
[BlackTeamCountry "SWE"]

1. e4 c6 2. d4 d5 3. e5 Bf5 4. Nf3 e6 5. Be2 Ne7 6. Nh4 Bg6 7. Nd2 c5 8. c3
cxd4 9. cxd4 Nbc6 10. Nxg6 hxg6 11. Nf3 Nf5 12. O-O Qb6 13. Be3 Be7 14. Qd3 g5
15. Rfd1 f6 16. g4 Nxe3 17. Qg6+ Kd7 18. fxe3 Rag8 19. Qd3 fxe5 20. e4 Rf8 21.
Kh1 exd4 22. exd5 exd5 23. Kg2 Qc7 24. h3 Qf4 25. Qd2 Qf6 26. Rf1 Qh6 27. Ng1
Bd6 28. Bd3 Bf4 29. Qc2 Kc7 30. Rae1 Kb8 31. Bf5 Be3 32. Qb3 Qd6 33. Nf3 g6 34.
Bb1 Rf4 35. Qd3 Ne7 36. a3 Rhf8 37. Qe2 Nc6 38. b4 Nd8 39. Qc2 R4f6 40. Ng1 d3
41. Qb2 d2 0-1

[Event "Olimpiada de Khanty-Mansiysk 2010"]
[Site "Khanty-Mansiysk RUS"]
[Date "2010.10.01"]
[Round "10"]
[White "Hillarp Persson, Tiger"]
[Black "Djuraev, Sokhib"]
[Result "1-0"]
[WhiteElo "2517"]
[BlackElo "2397"]
[PlyCount "117"]
[EventDate "2010.09.21"]
[EventType "team"]
[EventRounds "11"]
[EventCountry "RUS"]
[Source "lmi"]
[SourceDate "2010.09.21"]
[WhiteTeam "Suecia"]
[BlackTeam "Tayikistán"]
[WhiteTeamCountry "SWE"]
[BlackTeamCountry "TJK"]

1. d4 d6 2. Nf3 g6 3. g3 Bg7 4. c4 e5 5. Nc3 Nd7 6. Bg2 Ne7 7. O-O O-O 8. e4
exd4 9. Nxd4 Nc6 10. Nde2 a5 11. Rb1 Nc5 12. Be3 Re8 13. Qc2 Bg4 14. f3 Bd7 15.
Rbd1 a4 16. Nd5 f5 17. Nec3 fxe4 18. Nxe4 Nxe4 19. fxe4 Be6 20. Qc1 Qd7 21.
Nf6+ Bxf6 22. Rxf6 Rf8 23. e5 Rxf6 24. exf6 Qf7 25. c5 d5 26. Bg5 Nd8 27. Qc3
Qd7 28. Qd4 Nf7 29. Bd2 c6 30. Bc3 a3 31. b3 Re8 32. Re1 Qc8 33. h4 h5 34. Qf4
Kh7 35. Bf1 Rf8 36. Kh2 Nh6 37. Qd6 Bf7 38. Bh3 Ng4+ 39. Bxg4 hxg4 40. Kg1 d4
41. Bxd4 Rd8 42. Qf4 Qf5 43. Be3 Qxf4 44. Bxf4 Kg8 45. Bd6 Re8 46. Be7 g5 47.
hxg5 Kh7 48. Kf2 Kg6 49. Rh1 Ra8 50. Ke3 Bd5 51. Rh4 Bxb3 52. axb3 a2 53. Rh6+
Kf7 54. g6+ Ke6 55. Rh1 a1=Q 56. Rxa1 Rxa1 57. Kf4 Rb1 58. Kg5 Rxb3 59. Bd6 1-0

[Event "Olimpiada de Khanty-Mansiysk 2010"]
[Site "Khanty-Mansiysk RUS"]
[Date "2010.10.01"]
[Round "10"]
[White "Khouseinov, Rashid"]
[Black "Grandelius, Nils"]
[Result "0-1"]
[WhiteElo "2364"]
[BlackElo "2500"]
[PlyCount "96"]
[EventDate "2010.09.21"]
[EventType "team"]
[EventRounds "11"]
[EventCountry "RUS"]
[Source "lmi"]
[SourceDate "2010.09.21"]
[WhiteTeam "Tayikistán"]
[BlackTeam "Suecia"]
[WhiteTeamCountry "TJK"]
[BlackTeamCountry "SWE"]

1. g3 g6 2. Bg2 c5 3. e4 Bg7 4. Nf3 Nc6 5. O-O Nf6 6. d3 O-O 7. c3 d5 8. Nbd2
e5 9. Re1 h6 10. exd5 Nxd5 11. Nc4 Re8 12. a4 Bf5 13. Ne3 Be6 14. Nxd5 Bxd5 15.
Be3 b6 16. Qd2 Qf6 17. Nh4 Bxg2 18. Kxg2 g5 19. Nf3 Rad8 20. Qc2 Qg6 21. Qe2
Rxd3 22. Red1 e4 23. Ne1 Ne5 24. h3 Rxd1 25. Rxd1 f5 26. Kh2 Rf8 27. f4 exf3
28. Nxf3 f4 29. gxf4 gxf4 30. Rg1 Qh5 31. Bd4 cxd4 32. Qxe5 Qxe5 33. Nxe5 dxc3
34. bxc3 Kh7 35. Nf3 Rc8 36. Nd4 h5 37. Rg5 Kh6 38. h4 Bf6 39. Rd5 Rxc3 40. Nb5
Rc2+ 41. Kh3 Kg6 42. a5 bxa5 43. Nxa7 a4 44. Ra5 Rc3+ 45. Kg2 a3 46. Nb5 Rc2+
47. Kh3 a2 48. Nd4 Rc3+ 0-1

[Event "Olimpiada de Khanty-Mansiysk 2010"]
[Site "Khanty-Mansiysk RUS"]
[Date "2010.10.01"]
[Round "10"]
[White "Esen, Baris"]
[Black "Kasimdzhanov, Rustam"]
[Result "1/2-1/2"]
[WhiteElo "2538"]
[BlackElo "2685"]
[PlyCount "65"]
[EventDate "2010.09.21"]
[EventType "team"]
[EventRounds "11"]
[EventCountry "RUS"]
[Source "lmi"]
[SourceDate "2010.09.21"]
[WhiteTeam "Turquía"]
[BlackTeam "Uzbekistán"]
[WhiteTeamCountry "TUR"]
[BlackTeamCountry "UZB"]

1. d4 Nf6 2. c4 g6 3. Nf3 Bg7 4. g3 O-O 5. Bg2 d6 6. O-O Nc6 7. Nc3 a6 8. Bf4
Bf5 9. Rc1 Ne4 10. Nxe4 Bxe4 11. d5 Nb8 12. Qd2 c6 13. Bh3 Bxf3 14. exf3 Nd7
15. Rfe1 Nf6 16. Be3 c5 17. f4 b5 18. b3 Rb8 19. f5 bxc4 20. Rxc4 Rb4 21. fxg6
hxg6 22. Qd3 Rxc4 23. bxc4 Qc7 24. Rb1 Rb8 25. Bd2 Rb7 26. f3 Rxb1+ 27. Qxb1
Nd7 28. Qb3 Bd4+ 29. Kg2 Kh7 30. Qa4 Qb7 31. Qb3 Qc7 32. Qa4 Qb7 33. Qb3
1/2-1/2

[Event "Olimpiada de Khanty-Mansiysk 2010"]
[Site "Khanty-Mansiysk RUS"]
[Date "2010.10.01"]
[Round "10"]
[White "Filippov, Anton"]
[Black "Haznedaroglu, Kivanc"]
[Result "1-0"]
[WhiteElo "2609"]
[BlackElo "2483"]
[PlyCount "67"]
[EventDate "2010.09.21"]
[EventType "team"]
[EventRounds "11"]
[EventCountry "RUS"]
[Source "lmi"]
[SourceDate "2010.09.21"]
[WhiteTeam "Uzbekistán"]
[BlackTeam "Turquía"]
[WhiteTeamCountry "UZB"]
[BlackTeamCountry "TUR"]

1. d4 d5 2. c4 c6 3. Nf3 Nf6 4. cxd5 cxd5 5. Nc3 Nc6 6. Bf4 a6 7. Ne5 Bd7 8. e3
e6 9. Bd3 Be7 10. O-O O-O 11. Qf3 Ne8 12. Qh3 g6 13. Nxd5 Nxe5 14. Nxe7+ Qxe7
15. Bxe5 f6 16. Bg3 Bb5 17. Bxb5 axb5 18. Rfc1 Nd6 19. Bxd6 Qxd6 20. Qf3 Rf7
21. Qd1 e5 22. dxe5 Qxe5 23. Qb3 Ra4 24. Rc8+ Kg7 25. Rac1 b6 26. h3 f5 27. g3
Rd7 28. R8c6 Qe4 29. Rc7 Ra7 30. Rxd7+ Rxd7 31. Qxb5 Rd2 32. Qxb6 Qf3 33. Qc7+
Kh6 34. Qf4+ 1-0

[Event "Olimpiada de Khanty-Mansiysk 2010"]
[Site "Khanty-Mansiysk RUS"]
[Date "2010.10.01"]
[Round "10"]
[White "Kvon, Andrey"]
[Black "Yilmaz, Mustafa"]
[Result "0-1"]
[WhiteElo "2448"]
[BlackElo "2482"]
[PlyCount "92"]
[EventDate "2010.09.21"]
[EventType "team"]
[EventRounds "11"]
[EventCountry "RUS"]
[Source "lmi"]
[SourceDate "2010.09.21"]
[WhiteTeam "Uzbekistán"]
[BlackTeam "Turquía"]
[WhiteTeamCountry "UZB"]
[BlackTeamCountry "TUR"]

1. d4 Nf6 2. Nf3 c5 3. d5 e6 4. c4 d6 5. Nc3 exd5 6. cxd5 g6 7. Nd2 Nbd7 8. e4
Bg7 9. Nc4 Qe7 10. f3 O-O 11. Bg5 h6 12. Be3 Ne8 13. Qd2 f5 14. exf5 gxf5 15.
O-O-O Qf6 16. Bf4 Nb6 17. Nxb6 axb6 18. Qc2 Bd7 19. Qb3 Ra4 20. Bd2 Rb4 21. Qc2
Nc7 22. Re1 b5 23. Bd3 Rd4 24. g4 b4 25. Nd1 Nxd5 26. Bxf5 Bxf5 27. gxf5 Qxf5
28. Qxf5 Rxf5 29. Rhg1 Kf7 30. Rg3 Rc4+ 31. Kb1 Rh4 32. h3 Be5 33. Rg2 Rxf3 34.
Nf2 b3 35. axb3 Rxb3 36. Bc1 Rg3 37. Rh2 Rf3 38. Rg2 Rg3 39. Rh2 Rf3 40. Rg2
Bg3 41. Rd1 Bxf2 42. Rxd5 Ke6 43. Rd2 Bd4 44. Rde2+ Kd5 45. Ka2 Rhxh3 46. Bd2
b5 0-1

[Event "Olimpiada de Khanty-Mansiysk 2010"]
[Site "Khanty-Mansiysk RUS"]
[Date "2010.10.01"]
[Round "10"]
[White "Meijers, Viesturs"]
[Black "Steingrimsson, Hedinn"]
[Result "1/2-1/2"]
[WhiteElo "2502"]
[BlackElo "2550"]
[PlyCount "88"]
[EventDate "2010.09.21"]
[EventType "team"]
[EventRounds "11"]
[EventCountry "RUS"]
[Source "lmi"]
[SourceDate "2010.09.21"]
[WhiteTeam "Letonia"]
[BlackTeam "Islandia"]
[WhiteTeamCountry "LAT"]
[BlackTeamCountry "ISL"]

1. d4 Nf6 2. Bg5 e6 3. e4 h6 4. Bxf6 Qxf6 5. c3 d6 6. Nd2 Nc6 7. Bd3 g6 8. Ne2
e5 9. Bb5 a6 10. Ba4 exd4 11. Nxd4 Bd7 12. Nxc6 bxc6 13. O-O Bg7 14. Nf3 O-O
15. e5 Qe7 16. exd6 cxd6 17. Re1 Qf6 18. Qd4 Rfd8 19. Qxf6 Bxf6 20. Rad1 d5 21.
Ne5 Rac8 22. h3 Be8 23. Nd3 a5 24. Nc5 Kf8 25. a3 Rb8 26. Re2 Be7 27. Nd3 Bd6
28. b4 axb4 29. axb4 Bd7 30. Ra2 Ra8 31. Rda1 Bf5 32. Bc2 Rac8 33. Kf1 Be7 34.
Nc5 Bxc2 35. Rxc2 Bxc5 36. bxc5 Rb8 37. Ra6 Re8 38. g3 Re6 39. c4 d4 40. Rd2
Rd8 41. h4 Kg7 42. Ra3 Kf6 43. Rf3+ Ke7 44. Rfd3 Kf8 1/2-1/2

[Event "Olimpiada de Khanty-Mansiysk 2010"]
[Site "Khanty-Mansiysk RUS"]
[Date "2010.10.01"]
[Round "10"]
[White "Thorfinnsson, Bragi"]
[Black "Sveshnikov, Vladimir"]
[Result "1-0"]
[WhiteElo "2415"]
[BlackElo "2374"]
[PlyCount "70"]
[EventDate "2010.09.21"]
[EventType "team"]
[EventRounds "11"]
[EventCountry "RUS"]
[Source "lmi"]
[SourceDate "2010.09.21"]
[WhiteTeam "Islandia"]
[BlackTeam "Letonia"]
[WhiteTeamCountry "ISL"]
[BlackTeamCountry "LAT"]

1. d4 d5 2. c4 e6 3. Nf3 Nf6 4. g3 dxc4 5. Bg2 c5 6. O-O Nc6 7. Qa4 Bd7 8. Qxc4
b5 9. Qd3 Rc8 10. dxc5 Bxc5 11. Nc3 O-O 12. Bg5 Nb4 13. Bxf6 gxf6 14. Qd2 Bc6
15. Qh6 Re8 16. Rad1 Bf8 17. Qh5 Qb6 18. a3 Nc2 19. Rc1 Bxf3 20. Qxf3 Nd4 21.
Qg4+ Kh8 22. Rcd1 Red8 23. Qh5 Kg8 24. e3 Nb3 25. Be4 f5 26. Nd5 Rxd5 27. Rxd5
Bg7 28. Rd7 Rf8 29. Bg2 Bxb2 30. Qg5+ Bg7 31. Rfd1 h6 32. Qe7 a5 33. Rb7 Qa6
34. Rd8 Rxd8 35. Qxf7+ Kh8 1-0

[Event "Olimpiada de Khanty-Mansiysk 2010"]
[Site "Khanty-Mansiysk RUS"]
[Date "2010.10.01"]
[Round "10"]
[White "Ghaem, Maghami Ehsan"]
[Black "Leon Hoyos, Manuel"]
[Result "1-0"]
[WhiteElo "2594"]
[BlackElo "2579"]
[PlyCount "67"]
[EventDate "2010.09.21"]
[EventType "team"]
[EventRounds "11"]
[EventCountry "RUS"]
[Source "lmi"]
[SourceDate "2010.09.21"]
[WhiteTeam "Irán"]
[BlackTeam "México"]
[WhiteTeamCountry "IRI"]
[BlackTeamCountry "MEX"]

1. e4 c5 2. c3 d5 3. exd5 Qxd5 4. d4 Nc6 5. Nf3 Bg4 6. Be2 cxd4 7. cxd4 e6 8.
Nc3 Bb4 9. O-O Qa5 10. Be3 Nge7 11. Qb3 O-O 12. Rfd1 Rfd8 13. h3 Bh5 14. Rac1
Rac8 15. a3 Bxc3 16. bxc3 Qc7 17. g4 Bg6 18. c4 Be4 19. Ng5 Na5 20. Qb4 Nac6
21. Qb3 Na5 22. Qb4 Nac6 23. Qc5 b6 24. Qb5 Bg6 25. d5 h6 26. Nf3 Ne5 27. c5
Nxd5 28. cxb6 Nxf3+ 29. Bxf3 Qb8 30. Rxc8 Rxc8 31. b7 Rc7 32. Rxd5 exd5 33.
Bxd5 Re7 34. Bxa7 1-0

[Event "Olimpiada de Khanty-Mansiysk 2010"]
[Site "Khanty-Mansiysk RUS"]
[Date "2010.10.01"]
[Round "10"]
[White "Gonzalez Zamora, Juan Car"]
[Black "Moradiabadi, Elshan"]
[Result "0-1"]
[WhiteElo "2564"]
[BlackElo "2578"]
[PlyCount "94"]
[EventDate "2010.09.21"]
[EventType "team"]
[EventRounds "11"]
[EventCountry "RUS"]
[Source "lmi"]
[SourceDate "2010.09.21"]
[WhiteTeam "México"]
[BlackTeam "Irán"]
[WhiteTeamCountry "MEX"]
[BlackTeamCountry "IRI"]

1. d4 Nf6 2. c4 e6 3. Nf3 d5 4. e3 Bb4+ 5. Nc3 O-O 6. Bd3 c5 7. O-O Nc6 8. a3
Bxc3 9. bxc3 Qc7 10. h3 Na5 11. cxd5 exd5 12. dxc5 Qxc5 13. a4 Re8 14. Ba3 Qc7
15. Nd4 a6 16. Bb4 Nc4 17. a5 Be6 18. Ra2 Rad8 19. Qf3 Ne4 20. Qf4 Qc8 21. f3
Nf6 22. Re2 Bd7 23. g4 Ne5 24. Bb1 Bb5 25. Nxb5 axb5 26. Kg2 Qc4 27. Rfe1 Nc6
28. Ba3 Nxa5 29. Bd6 Nc6 30. Bc7 Ra8 31. g5 Nd7 32. Bd6 Nde5 33. Qxc4 Nxc4 34.
Bf4 Ra3 35. e4 d4 36. cxd4 Nxd4 37. Rf2 b4 38. h4 Rc3 39. h5 b3 40. g6 hxg6 41.
hxg6 fxg6 42. e5 Nc2 43. Rg1 g5 44. Bxg5 Rxe5 45. Kh3 Kf7 46. Kh4 b5 47. Bc1
Re1 0-1

[Event "Olimpiada de Khanty-Mansiysk 2010"]
[Site "Khanty-Mansiysk RUS"]
[Date "2010.10.01"]
[Round "10"]
[White "Toufighi, Homayoon"]
[Black "Gonzalez Garcia, Jose"]
[Result "1/2-1/2"]
[WhiteElo "2499"]
[BlackElo "2543"]
[PlyCount "118"]
[EventDate "2010.09.21"]
[EventType "team"]
[EventRounds "11"]
[EventCountry "RUS"]
[Source "lmi"]
[SourceDate "2010.09.21"]
[WhiteTeam "Irán"]
[BlackTeam "México"]
[WhiteTeamCountry "IRI"]
[BlackTeamCountry "MEX"]

1. e4 c5 2. Nf3 e6 3. c3 d5 4. e5 Nc6 5. d4 Qb6 6. Bd3 cxd4 7. cxd4 Bd7 8. O-O
Nxd4 9. Nxd4 Qxd4 10. Nc3 a6 11. Qe2 Ne7 12. Kh1 Nc6 13. f4 Nb4 14. Rd1 Bc5 15.
Bxa6 Qf2 16. Qxf2 Bxf2 17. Bb5 Bxb5 18. Nxb5 Rxa2 19. Rxa2 Nxa2 20. Bd2 Kd7 21.
Ra1 Rc8 22. Na3 Bc5 23. Rxa2 Bb4 24. Bc3 d4 25. Nb5 dxc3 26. bxc3 Rc5 27. Rb2
Rxb5 28. cxb4 Rd5 29. g3 Kc6 30. Kg2 Kb5 31. Kf3 Rd4 32. Rc2 Rd7 33. Rb2 Rd4
34. Rc2 Rd7 35. Rb2 Kc4 36. Rb1 b5 37. g4 g6 38. h4 h5 39. gxh5 gxh5 40. f5 Rd4
41. Rc1+ Kxb4 42. Rc7 exf5 43. Rxf7 Rxh4 44. Rxf5 Rh1 45. Kg2 Rd1 46. Rxh5 Kc4
47. Rh4+ Kd5 48. Rb4 Kc5 49. Re4 b4 50. e6 Rd8 51. Kf3 b3 52. Re1 Re8 53. Kf4
Kd6 54. Rb1 Rb8 55. Ke4 Kxe6 56. Kd4 b2 57. Kc3 Kd5 58. Rxb2 Rxb2 59. Kxb2 Ke5
1/2-1/2

[Event "Olimpiada de Khanty-Mansiysk 2010"]
[Site "Khanty-Mansiysk RUS"]
[Date "2010.10.01"]
[Round "10"]
[White "Cordova, Emilio"]
[Black "Seitaj, Ilir"]
[Result "1-0"]
[WhiteElo "2539"]
[BlackElo "2390"]
[PlyCount "107"]
[EventDate "2010.09.21"]
[EventType "team"]
[EventRounds "11"]
[EventCountry "RUS"]
[Source "lmi"]
[SourceDate "2010.09.21"]
[WhiteTeam "Perú"]
[BlackTeam "Albania"]
[WhiteTeamCountry "PER"]
[BlackTeamCountry "ALB"]

1. d4 d5 2. c4 e6 3. Nf3 c5 4. e3 Nc6 5. a3 Nf6 6. Nc3 a6 7. dxc5 Bxc5 8. b4
Bd6 9. Bb2 O-O 10. Qc2 Qe7 11. Ng5 g6 12. Rd1 Rd8 13. h4 h5 14. cxd5 exd5 15.
Rxd5 Nxb4 16. axb4 Nxd5 17. Nxd5 Bxb4+ 18. Nxb4 Qxb4+ 19. Qc3 Qxc3+ 20. Bxc3 b5
21. Ba5 Rd6 22. Ne4 Rc6 23. Kd2 Be6 24. Bd3 Rac8 25. Ra1 Bc4 26. Bb1 Bb3 27.
Nc3 Rd6+ 28. Ke2 Bc4+ 29. Ke1 f5 30. Bb4 Rdc6 31. Ne2 Bf7 32. Bd2 Rd6 33. Nd4
Bc4 34. Bb4 Rb6 35. Kd2 Bd5 36. g3 Kf7 37. Bd3 Be4 38. Be2 Bd5 39. f3 Kg8 40.
Bd3 Rf6 41. Re1 Bb7 42. Bc2 Re8 43. Bb3+ Kh7 44. Kd3 Rc8 45. Be6 Rc7 46. e4
fxe4+ 47. fxe4 Bc8 48. Bxc8 Rxc8 49. e5 Rf2 50. e6 Ra2 51. e7 Ra4 52. Bd6 Re8
53. Rf1 Rc4 54. Rf7+ 1-0

[Event "Olimpiada de Khanty-Mansiysk 2010"]
[Site "Khanty-Mansiysk RUS"]
[Date "2010.10.01"]
[Round "10"]
[White "Rama, Lorenc"]
[Black "Cori, Jorge"]
[Result "0-1"]
[WhiteElo "2276"]
[BlackElo "2496"]
[PlyCount "160"]
[EventDate "2010.09.21"]
[EventType "team"]
[EventRounds "11"]
[EventCountry "RUS"]
[Source "lmi"]
[SourceDate "2010.09.21"]
[WhiteTeam "Albania"]
[BlackTeam "Perú"]
[WhiteTeamCountry "ALB"]
[BlackTeamCountry "PER"]

1. Nf3 d5 2. b3 Bg4 3. e3 Nd7 4. Bb2 Ngf6 5. Be2 c6 6. h3 Bxf3 7. Bxf3 e5 8. d3
Bb4+ 9. c3 Bd6 10. O-O Qe7 11. e4 dxe4 12. dxe4 O-O 13. Nd2 b5 14. Qc2 Nc5 15.
Rfd1 a5 16. Nf1 a4 17. b4 a3 18. Bc1 Ne6 19. Ne3 g6 20. Be2 Rfb8 21. Rb1 Nc7
22. Rb3 c5 23. Rxa3 cxb4 24. Rxa8 Rxa8 25. cxb4 Bxb4 26. Nd5 Nfxd5 27. exd5 Bd6
28. Be3 b4 29. Bc4 Kg7 30. Qd2 Rd8 31. Bh6+ Kh8 32. Be3 Kg7 33. Qe2 Qd7 34. h4
Qe7 35. g3 Ra8 36. Kg2 h5 37. Bb3 Rb8 38. Bc4 Qd7 39. Qd2 Nb5 40. Bh6+ Kh7 41.
Bg5 Nc3 42. Re1 Qg4 43. Bb3 Rc8 44. f3 Qf5 45. Bc2 Qd7 46. Bf6 Nxd5 47. Bg5 Nb6
48. Bb3 Qc7 49. Rd1 Bf8 50. Bf6 Nc4 51. Qe2 Bh6 52. Rd3 Qb6 53. Bg5 Bxg5 54.
hxg5 Qc7 55. Qe1 Qe7 56. Qe4 Na5 57. Ba4 Qxg5 58. Rd7 Nc4 59. Kf2 Kg7 60. Bb3
Qc1 61. Qd5 Qe3+ 62. Kf1 Kh6 63. Qd3 Qxd3+ 64. Rxd3 f6 65. Rd7 Na5 66. Bd5 Nc4
67. Be6 Rc6 68. Bg8 Kg5 69. Rb7 Ne3+ 70. Ke2 Nf5 71. g4 hxg4 72. fxg4 Nd4+ 73.
Kd1 Rd6 74. Bh7 e4 75. Ke1 e3 76. Rc7 Rc6 77. Rxc6 Nxc6 78. Ke2 Ne7 79. Kxe3
Kxg4 80. Kd4 f5 0-1

[Event "Olimpiada de Khanty-Mansiysk 2010"]
[Site "Khanty-Mansiysk RUS"]
[Date "2010.10.01"]
[Round "10"]
[White "Pacheco, Marco"]
[Black "Boshku, Harallamb"]
[Result "1-0"]
[WhiteElo "2392"]
[BlackElo "2314"]
[PlyCount "78"]
[EventDate "2010.09.21"]
[EventType "team"]
[EventRounds "11"]
[EventCountry "RUS"]
[Source "lmi"]
[SourceDate "2010.09.21"]
[WhiteTeam "Perú"]
[BlackTeam "Albania"]
[WhiteTeamCountry "PER"]
[BlackTeamCountry "ALB"]

1. d4 Nf6 2. c4 c5 3. d5 e6 4. Nc3 exd5 5. cxd5 d6 6. Nf3 g6 7. Nd2 a6 8. a4
Nbd7 9. e4 Bg7 10. Be2 O-O 11. O-O Re8 12. Qc2 Rb8 13. a5 b5 14. axb6 Nxb6 15.
Re1 Re7 16. Nf1 Ne8 17. Bg5 f6 18. Bh4 Nc7 19. Ne3 Rf7 20. f4 Qf8 21. f5 Nd7
22. Nc4 Ne5 23. Nxe5 fxe5 24. g4 Bf6 25. Bxf6 Rxf6 26. g5 Rf7 27. f6 h6 28. h4
hxg5 29. hxg5 Rh7 30. Kg2 Bh3+ 31. Kg3 Qc8 32. Rh1 Nb5 33. Nxb5 Rxb5 34. Rh2
Rhb7 35. Rxh3 Rxb2 36. Qxb2 Rxb2 37. Bf3 c4 38. Rah1 Qxh3+ 39. Kxh3 c3 1-0

[Event "Olimpiada de Khanty-Mansiysk 2010"]
[Site "Khanty-Mansiysk RUS"]
[Date "2010.10.01"]
[Round "10"]
[White "Iordachescu, Viorel"]
[Black "Amer, Karim"]
[Result "1-0"]
[WhiteElo "2632"]
[BlackElo "2234"]
[PlyCount "67"]
[EventDate "2010.09.21"]
[EventType "team"]
[EventRounds "11"]
[EventCountry "RUS"]
[Source "lmi"]
[SourceDate "2010.09.21"]
[WhiteTeam "Moldavia"]
[BlackTeam "Pakistán"]
[WhiteTeamCountry "MDA"]
[BlackTeamCountry "PAK"]

1. d4 Nf6 2. c4 e6 3. g3 Bb4+ 4. Bd2 a5 5. Bg2 O-O 6. Nf3 b6 7. Ne5 Ra7 8. O-O
d6 9. Nd3 Bxd2 10. Nxd2 Bb7 11. e4 Nbd7 12. f4 e5 13. d5 c6 14. a4 cxd5 15.
exd5 Re8 16. fxe5 dxe5 17. Qe2 Ba6 18. b3 Qc7 19. Rae1 Nc5 20. Nxc5 Qxc5+ 21.
Kh1 Qd6 22. g4 h6 23. h4 g6 24. g5 hxg5 25. hxg5 Nh5 26. Ne4 Qd8 27. Qe3 f5 28.
gxf6 Rh7 29. Kg1 Rf8 30. Ng5 Nf4 31. Nxh7 Kxh7 32. Rxf4 exf4 33. Qe7+ Kh6 34.
Qg7+ 1-0

[Event "Olimpiada de Khanty-Mansiysk 2010"]
[Site "Khanty-Mansiysk RUS"]
[Date "2010.10.01"]
[Round "10"]
[White "Wasim, Akram"]
[Black "Hamitevici, Vladimir"]
[Result "0-1"]
[WhiteElo "2054"]
[BlackElo "2415"]
[PlyCount "114"]
[EventDate "2010.09.21"]
[EventType "team"]
[EventRounds "11"]
[EventCountry "RUS"]
[Source "lmi"]
[SourceDate "2010.09.21"]
[WhiteTeam "Pakistán"]
[BlackTeam "Moldavia"]
[WhiteTeamCountry "PAK"]
[BlackTeamCountry "MDA"]

1. d4 Nf6 2. Nf3 c5 3. e3 g6 4. Bd3 Bg7 5. O-O b6 6. c3 Bb7 7. Nbd2 d5 8. Qe2
O-O 9. b3 Ne4 10. Bb2 Nd7 11. c4 cxd4 12. exd4 Nxd2 13. Nxd2 dxc4 14. bxc4 Nc5
15. dxc5 Bxb2 16. Rab1 Bd4 17. Nb3 Bf6 18. Na5 Ba6 19. cxb6 axb6 20. Nc6 Qc7
21. Nb4 Bb7 22. Nd5 Bxd5 23. cxd5 Bd4 24. Bc4 Bc5 25. Bb3 Qf4 26. g3 Qf6 27.
Kg2 h5 28. h4 Rad8 29. Rbd1 Qd6 30. f4 Qc7 31. g4 hxg4 32. Qxg4 Kg7 33. h5 Rh8
34. Rh1 Qc8 35. Qxc8 Rxc8 36. hxg6 Kxg6 37. Kf3 Kf6 38. Ke4 Rcg8 39. Rxh8 Rxh8
40. Rd2 Rh3 41. Re2 Rg3 42. Re1 Kg6 43. f5+ Kg5 44. Re2 Rg4+ 45. Kf3 Rf4+ 46.
Kg2 Rxf5 47. Re1 Rf2+ 48. Kg3 f5 49. Rc1 f4+ 50. Kh3 Bd6 51. Rc2 Rf3+ 52. Kh2
Re3 53. Kg2 Rg3+ 54. Kh1 f3 55. Rh2 Bc5 56. Rc2 Rg1+ 57. Kh2 f2 0-1

[Event "Olimpiada de Khanty-Mansiysk 2010"]
[Site "Khanty-Mansiysk RUS"]
[Date "2010.10.01"]
[Round "10"]
[White "Smith, Robert W"]
[Black "Saibulatov, Daniyal"]
[Result "0-1"]
[WhiteElo "2282"]
[BlackElo "2400"]
[PlyCount "94"]
[EventDate "2010.09.21"]
[EventType "team"]
[EventRounds "11"]
[EventCountry "RUS"]
[Source "lmi"]
[SourceDate "2010.09.21"]
[WhiteTeam "Nueva Zelanda"]
[BlackTeam "Bélgica"]
[WhiteTeamCountry "NZL"]
[BlackTeamCountry "BEL"]

1. e4 e6 2. d4 d5 3. Nc3 Bb4 4. e5 c5 5. Bd2 Ne7 6. Nb5 Bxd2+ 7. Qxd2 O-O 8. f4
Nf5 9. dxc5 Nd7 10. Qc3 f6 11. Nf3 fxe5 12. fxe5 Nh4 13. Nbd4 Nxf3+ 14. Nxf3
Qe7 15. Bd3 Nxc5 16. O-O Bd7 17. Nd4 b6 18. Rxf8+ Rxf8 19. Rf1 Rxf1+ 20. Bxf1
Qg5 21. Qe1 Qf4 22. c3 h6 23. g3 Qg4 24. Qe2 Qxe2 25. Bxe2 Na4 26. Kf2 Nxb2 27.
Ke3 Kf7 28. h4 Ke7 29. Kd2 Na4 30. c4 dxc4 31. Bxc4 Nc5 32. Ke3 a6 33. a3 b5
34. Be2 Na4 35. Nb3 Nc3 36. Bd3 Nd5+ 37. Kd4 b4 38. axb4 Nxb4 39. Be4 Ba4 40.
Na5 Bb5 41. Kc5 Nd3+ 42. Bxd3 Bxd3 43. Kc6 Be4+ 44. Kb6 Bd5 45. Kxa6 Kf7 46.
Nb7 Bxb7+ 47. Kxb7 Kg6 0-1